An Introduction to Management Consultancy

Enregistré dans:
Détails bibliographiques
Auteur principal: Baaij, Marc G.
Format: Livre
Langue:anglais
Publié: London SAGE 2022
Édition:2nd Edition
Sujets:
Tags: Ajouter un tag
Pas de tags, Soyez le premier à ajouter un tag!

MARC

LEADER 00000nam a2200000 4500
001 0288881
005 20240416114158.1
020 |a 978-1-5297-5842-9 
020 |a 978-1-5297-5843-6 
041 0 |a eng 
044 |a GB 
245 1 0 |a An Introduction to Management Consultancy  |c Marc G. Baaij 
250 |a 2nd Edition 
264 1 |a London  |b SAGE  |c 2022 
300 |a 358 s. 
610 2 0 |a manažment 
610 2 0 |a riadenie 
610 2 0 |a konzultácie 
610 2 0 |a konzultanti 
610 2 0 |a prezentácia 
610 2 0 |a projekty 
100 1 |a Baaij, Marc G.